000 01083nam a2200289 i 4500
001 000016954
003 DO-SdBNP
005 20250513133730.0
007 ta
008 100312s1994 dr r 000 0 spa d
040 _aDO-SdBNP
_bspa
_cBNPHU
_erda
082 _a379.7293
_bR426p
_222
110 1 _aRepública Dominicana.
_bSecretaría de Estado de Educación, Bellas Artes y Cultos
_923965
245 1 0 _aPlan Decenal de Educación en acción: transformación curricular en marcha :
_beducación especial
264 1 _aSanto Domingo :
_bSecretaría de Estado de Educación, Bellas Artes y Cultos,
_c1994.
300 _a38 paginas ;
_c28 cm.
336 _2rdacontent
_atexto
_btxt
337 _2rdamedia
_asin mediación
_bn
338 _2rdacarrier
_avolumen
_bnc
490 1 _aInnova 2000, serie 9
590 _aInventariado, 2023/DG
650 4 _aPlanificación curricular
_zRepública Dominicana
_937482
650 4 _aCambios curriculares
_zRepública Dominicana
_937483
650 0 _aInnovaciones educativas
_zRepública Dominicana
_917115
910 _aDG
942 _2ddc
_cLF2
999 _c55427
_d55427